[Event "Politiken Cup"]
[Site "Copenhagen"]
[Date "2006.07.29"]
[Round "8.36"]
[White "Holstein, Erik"]
[Black "Hanssen, Gunnar Berg"]
[Result "0-1"]
[WhiteElo "2105"]
[BlackElo "2254"]
[PlyCount "106"]
[EventDate "2006.??.??"]

1. f4 d5 2. Nf3 Nf6 3. g3 g6 4. Bg2 Bg7 5. O-O O-O 6. d3 c5 7. Qe1 d4 8. Na3
Be6 9. Bd2 Bd5 10. c4 dxc3 11. Bxc3 b6 12. Rd1 Bxa2 13. Nc4 Nc6 14. Nfe5 Nxe5
15. Bxe5 Nd5 16. Bxg7 Kxg7 17. Ra1 Bxc4 18. dxc4 Ne3 19. Bxa8 Nxf1 20. Rxa7 Ne3
21. Qc3+ Qd4 22. Qxd4+ cxd4 23. b3 Rc8 24. Be4 b5 25. Bd3 bxc4 26. bxc4 Rc6 27.
Rd7 Rd6 28. Rxd6 exd6 29. Kf2 f5 30. h3 h5 31. Kf3 Kf6 32. Kf2 Ke6 33. Kf3 Kd7
34. Kf2 Kc6 35. Kf3 Kc5 36. g4 hxg4+ 37. hxg4 Nxg4 38. Kg3 Nf6 39. Kf3 Kb4 40.
e3 Kc3 41. Ke2 Ne4 42. exd4 Kxd4 43. Bc2 Kxc4 44. Bd3+ Kc3 45. Bb5 d5 46. Be8
d4 47. Bxg6 d3+ 48. Ke3 d2 49. Bh5 Kc2 50. Kd4 d1=Q+ 51. Bxd1+ Kxd1 52. Ke5 Ng3
53. Kf6 Ke2 0-1

[Event "Politiken Cup"]
[Site "Copenhagen"]
[Date "2006.07.29"]
[Round "8.37"]
[White "Wustefeld, Carl"]
[Black "Hansen, Rene Rauer"]
[Result "1-0"]
[WhiteElo "2248"]
[BlackElo "2096"]
[PlyCount "65"]
[EventDate "2006.??.??"]

1. e4 c5 2. d4 cxd4 3. c3 dxc3 4. Nxc3 Nc6 5. Bc4 d6 6. Nf3 a6 7. O-O Nf6 8. h3
e6 9. Qe2 Be7 10. Rd1 Qc7 11. Bf4 O-O 12. Rac1 Qb8 13. e5 Nh5 14. Bh2 d5 15.
Bb3 g6 16. g4 Ng7 17. Qd2 Rd8 18. Qh6 Ne8 19. Bf4 Qc7 20. Ng5 Bxg5 21. Bxg5
Qxe5 22. Bxd8 Nxd8 23. Nxd5 Nc6 24. Ne7+ Nxe7 25. Rd8 Qb5 26. a4 Qd7 27. Rxd7
Bxd7 28. Qg5 Kf8 29. Qe5 Kg8 30. h4 Nc6 31. Qc3 Rd8 32. Rd1 Ne7 33. Qa5 1-0

[Event "Politiken Cup"]
[Site "Copenhagen"]
[Date "2006.07.29"]
[Round "8.38"]
[White "Rhee, Alexander"]
[Black "Christensen, Bo Garner"]
[Result "1/2-1/2"]
[WhiteElo "2072"]
[BlackElo "2247"]
[PlyCount "114"]
[EventDate "2006.??.??"]

1. e4 e5 2. Nf3 Nc6 3. Bb5 a6 4. Ba4 Nf6 5. O-O b5 6. Bb3 Bc5 7. c3 d6 8. a4
Bb7 9. d4 Bb6 10. Re1 O-O 11. axb5 axb5 12. Rxa8 Qxa8 13. Bg5 Nd7 14. Na3 exd4
15. Nxb5 Nc5 16. Bd5 Ne6 17. Bd2 Ne5 18. Bxb7 Qxb7 19. Nbxd4 Nc5 20. Nxe5 dxe5
21. Nf5 g6 22. Nh6+ Kg7 23. Qf3 f5 24. Nxf5+ gxf5 25. Qg3+ Kf7 26. Qxe5 Qc8 27.
exf5 Qd7 28. f6 Rg8 29. Bh6 Rg6 30. Bg7 Ne6 31. Qf5 Qc6 32. g3 Bc5 33. b4 Ng5
34. Qxc5 Nf3+ 35. Kf1 Qxc5 36. bxc5 Nxe1 37. Kxe1 Rg5 38. Kd2 Rxc5 39. f3 Ra5
40. h4 Ra2+ 41. Ke3 Rc2 42. Kd3 Rc1 43. g4 Rh1 44. h5 Rg1 45. Ke4 Rg3 46. Ke3
c5 47. Ke4 Rh3 48. c4 Rh1 49. Kd5 Rf1 50. Kxc5 Rxf3 51. Kd5 Rd3+ 52. Ke5 Rg3
53. Kf5 Rf3+ 54. Kg5 Rc3 55. Kh6 Rxc4 56. g5 Rh4 57. Bh8 Rh1 1/2-1/2

[Event "Politiken Cup"]
[Site "Copenhagen"]
[Date "2006.07.29"]
[Round "8.39"]
[White "Marder, Simon"]
[Black "Petersen, Soren Boeck"]
[Result "1-0"]
[WhiteElo "2069"]
[BlackElo "2244"]
[PlyCount "82"]
[EventDate "2006.??.??"]

1. e4 e6 2. Nf3 d5 3. e5 c5 4. b4 cxb4 5. a3 d4 6. axb4 Bxb4 7. c3 dxc3 8. Qa4+
Nc6 9. dxc3 Bc5 10. Qg4 Kf8 11. Nbd2 f5 12. Qg3 Be7 13. h4 Nh6 14. Nc4 Nf7 15.
Ng5 Nxg5 16. hxg5 Qd5 17. Rh4 Bc5 18. Bf4 Qd8 19. Rd1 Bd7 20. Nd6 Bxd6 21. Rxd6
Qc7 22. Bc4 Re8 23. Qd3 Re7 24. g6 h6 25. g4 fxg4 26. Ba2 Ke8 27. Rxg4 Kd8 28.
Bxe6 Rhe8 29. Bxd7 Rxd7 30. Kf1 Nxe5 31. Bxe5 Rxe5 32. Rxd7+ Qxd7 33. Rd4 Re7
34. Qf5 Ke8 35. Rxd7 Rxd7 36. c4 Kd8 37. Qa5+ b6 38. Qe5 a5 39. Qb8+ Ke7 40.
Qxb6 a4 41. Qb4+ Kf6 1-0

[Event "Politiken Cup"]
[Site "Copenhagen"]
[Date "2006.07.29"]
[Round "8.40"]
[White "Pluemer, Detlef"]
[Black "Fogh, Jens Olaf Svanholm"]
[Result "1-0"]
[WhiteElo "2237"]
[BlackElo "2093"]
[PlyCount "83"]
[EventDate "2006.??.??"]

1. d4 Nf6 2. c4 e6 3. Nc3 Bb4 4. f3 c5 5. a3 Bxc3+ 6. bxc3 d5 7. cxd5 Nxd5 8.
Qd2 c4 9. e4 Nb6 10. a4 a5 11. Nh3 O-O 12. Be2 Bd7 13. Bd1 Nc6 14. Ba3 Ne7 15.
Nf2 f5 16. O-O Rf6 17. Bd6 Ng6 18. f4 Bc6 19. Be5 Nxe5 20. fxe5 Rg6 21. Qf4
fxe4 22. Nxe4 Nd5 23. Qf7+ Kh8 24. Rf2 Nxc3 25. Nxc3 Qxd4 26. Bf3 Qxc3 27. Raf1
Qxe5 28. Bxc6 Rf6 29. Rxf6 gxf6 30. Bf3 c3 31. Qxb7 Qd4+ 32. Kh1 Rd8 33. Qe4 e5
34. Qf5 Kg7 35. Be4 Rd6 36. h3 Qxa4 37. Kh2 Qd7 38. Qxh7+ Kf8 39. Qh8+ Ke7 40.
Rb1 Qd8 41. Qh7+ Ke6 42. Rb7 1-0

[Event "Politiken Cup"]
[Site "Copenhagen"]
[Date "2006.07.29"]
[Round "8.41"]
[White "Sending, Stale"]
[Black "Skovgaard, Peter"]
[Result "0-1"]
[WhiteElo "2035"]
[BlackElo "2235"]
[PlyCount "92"]
[EventDate "2006.??.??"]

1. c4 e5 2. Nc3 Nc6 3. g3 g6 4. Bg2 Bg7 5. e3 d6 6. Nge2 Nge7 7. d4 exd4 8.
exd4 O-O 9. Be3 Nf5 10. O-O Nxe3 11. fxe3 Bg4 12. a3 Qd7 13. Qd3 Bxe2 14. Nxe2
Ne7 15. Rae1 d5 16. cxd5 Nxd5 17. Nc3 Nxc3 18. bxc3 Rab8 19. c4 b6 20. Rb1 Rbe8
21. Rbd1 Re7 22. d5 Qd6 23. e4 Rd8 24. Kh1 Qc5 25. Qb3 a5 26. Rd3 Rd6 27. Qb5
Qxb5 28. cxb5 Be5 29. a4 Kg7 30. Kg1 Rf6 31. Rxf6 Kxf6 32. Kf2 Bd6 33. Kf3 Ke5
34. g4 f6 35. Bh3 Bc5 36. Rd2 h6 37. Rd1 Rh7 38. Rd2 h5 39. gxh5 Rxh5 40. Bg4
Rh7 41. h3 Bb4 42. Rd3 Bd6 43. Be6 Rh4 44. Bg4 f5 45. exf5 gxf5 46. Kg3 Rxg4+
0-1

[Event "Politiken Cup"]
[Site "Copenhagen"]
[Date "2006.07.29"]
[Round "8.42"]
[White "Valla, Martin"]
[Black "Royset, Paal"]
[Result "0-1"]
[WhiteElo "2034"]
[BlackElo "2228"]
[PlyCount "120"]
[EventDate "2006.??.??"]

1. d4 Nf6 2. c4 e6 3. Nc3 Bb4 4. Qc2 d5 5. cxd5 Qxd5 6. e3 c5 7. Bd2 Bxc3 8.
Bxc3 Nc6 9. dxc5 Qxc5 10. Rc1 Bd7 11. Nf3 Rc8 12. a3 Ne7 13. Bd3 Ned5 14. Bxf6
Qxc2 15. Rxc2 Rxc2 16. Bxc2 Nxf6 17. Kd2 Bc6 18. Ne5 Bd5 19. f3 Ke7 20. e4 Bc6
21. Nxc6+ bxc6 22. Ba4 Rd8+ 23. Kc3 e5 24. b4 Rd6 25. Rd1 Nd7 26. Rxd6 Kxd6 27.
Bb3 f6 28. g3 g5 29. Bf7 Nb6 30. Bg8 h6 31. Bf7 Nc8 32. Bg8 Kc7 33. Kc4 Kb6 34.
Be6 Nd6+ 35. Kb3 Nb5 36. Bg4 Nd4+ 37. Kc3 Kb5 38. f4 Ka4 39. fxe5 fxe5 40. Kb2
a5 41. Bd1+ Kb5 42. Kc3 axb4+ 43. axb4 c5 44. bxc5 Kxc5 45. Bg4 Nb5+ 46. Kd3
Kb4 47. Bf5 Nd6 48. Bg6 Nb7 49. Ke3 Kc3 50. Kf3 Kd4 51. Kg4 Nc5 52. Kh5 Nxe4
53. Kxh6 g4 54. Be8 Nf2 55. Bb5 e4 56. Kg5 e3 57. Bf1 Kc3 58. Kf5 Kd2 59. Kf4
e2 60. Bxe2 Kxe2 0-1

[Event "Politiken Cup"]
[Site "Copenhagen"]
[Date "2006.07.29"]
[Round "8.43"]
[White "Willumsen, Henrik"]
[Black "Urkedal, Frode"]
[Result "1-0"]
[WhiteElo "2227"]
[BlackElo "2070"]
[PlyCount "61"]
[EventDate "2006.??.??"]

1. e4 c5 2. Nf3 d6 3. d4 cxd4 4. Nxd4 Nf6 5. Nc3 a6 6. Bg5 e6 7. f4 Nbd7 8. Qf3
Qc7 9. O-O-O b5 10. Bxf6 Nxf6 11. e5 Bb7 12. Qh3 dxe5 13. Nxe6 fxe6 14. Qxe6+
Qe7 15. Qb6 Rc8 16. fxe5 Rxc3 17. bxc3 Nd5 18. Bxb5+ axb5 19. Qxb5+ Qd7 20. Qb3
Qc6 21. c4 Nb6 22. Rhf1 Qc5 23. Kb1 Nxc4 24. Rf4 Na3+ 25. Kc1 Qxc2+ 26. Qxc2
Nxc2 27. Kxc2 g5 28. Rc4 Be7 29. Rb1 Bxg2 30. Rc8+ Bd8 31. Rxd8+ 1-0

[Event "Politiken Cup"]
[Site "Copenhagen"]
[Date "2006.07.29"]
[Round "8.44"]
[White "Pedersen, Audun"]
[Black "Molvig, Henrik"]
[Result "0-1"]
[WhiteElo "2028"]
[BlackElo "2218"]
[PlyCount "82"]
[EventDate "2006.??.??"]

1. e4 c5 2. Nf3 d6 3. d4 cxd4 4. Nxd4 Nf6 5. Nc3 a6 6. Be3 e5 7. Nf3 Qc7 8. a4
h6 9. Be2 Be6 10. O-O Be7 11. Ne1 O-O 12. Bf3 Nbd7 13. Nd3 Rac8 14. a5 Bc4 15.
Re1 b5 16. Nb4 Qb7 17. Qd2 Rfe8 18. Red1 Nc5 19. Qe1 Bf8 20. h4 Be6 21. Qe2
Ncxe4 22. Nxe4 Nxe4 23. Qd3 f5 24. b3 Qf7 25. Bxe4 fxe4 26. Qxe4 Bf5 27. Qd5
Qxd5 28. Rxd5 Bxc2 29. Nxa6 Bxb3 30. Rxb5 Bc4 31. Rb6 d5 32. Nb4 d4 33. Bd2 e4
34. a6 e3 35. fxe3 dxe3 36. Be1 e2 37. Rb7 Bc5+ 38. Kh1 Rf8 39. a7 Bd6 40. g4
Be5 41. Rb1 Rcd8 0-1

[Event "Politiken Cup"]
[Site "Copenhagen"]
[Date "2006.07.29"]
[Round "8.45"]
[White "Wiwe, Andreas"]
[Black "Eddy, Samuel"]
[Result "1-0"]
[WhiteElo "2215"]
[BlackElo "2069"]
[PlyCount "73"]
[EventDate "2006.??.??"]

1. e4 e6 2. d4 d5 3. Nc3 Nf6 4. e5 Nfd7 5. f4 c5 6. Nf3 Nc6 7. Be3 Qb6 8. Na4
Qa5+ 9. c3 cxd4 10. b4 Nxb4 11. cxb4 Bxb4+ 12. Bd2 Bxd2+ 13. Nxd2 b6 14. Kf2 f6
15. Nf3 O-O 16. Qxd4 fxe5 17. fxe5 Nxe5 18. Qxe5 Qxa4 19. Bd3 Qh4+ 20. Ke2 Qg4
21. Rhg1 Rf6 22. a4 Rf4 23. h3 Qg3 24. Rac1 Ba6 25. Qxe6+ Kh8 26. Qxd5 Re8+ 27.
Kd1 Bxd3 28. Qxd3 Rff8 29. Rc4 Qf2 30. Re1 Rd8 31. Rd4 Rc8 32. Ng5 Rc1+ 33.
Kxc1 Qxe1+ 34. Kb2 Qf2+ 35. Kb3 g6 36. Rd7 Qc5 37. Rxh7+ 1-0

[Event "Politiken Cup"]
[Site "Copenhagen"]
[Date "2006.07.29"]
[Round "8.46"]
[White "Strand, Haakon"]
[Black "Tocklin, Tomi"]
[Result "1/2-1/2"]
[WhiteElo "2034"]
[BlackElo "1918"]
[PlyCount "51"]
[EventDate "2006.??.??"]

1. e4 c6 2. d4 d5 3. e5 c5 4. dxc5 Nc6 5. Bb5 e6 6. Be3 Nge7 7. f4 Nf5 8. Bf2
h5 9. Nf3 Qa5+ 10. Nc3 Qb4 11. Nd4 Nfxd4 12. Qxd4 Qxb2 13. O-O Bd7 14. Qd2 Qa3
15. Rab1 Bxc5 16. Rb3 Bxf2+ 17. Qxf2 Qe7 18. Bd3 Nb4 19. Bb5 Nc6 20. Ba4 Na5
21. Bxd7+ Qxd7 22. Rbb1 O-O 23. f5 exf5 24. Rbd1 Qe6 25. Nxd5 Rad8 26. Qc5
1/2-1/2

[Event "Politiken Cup"]
[Site "Copenhagen"]
[Date "2006.07.29"]
[Round "8.47"]
[White "Schultz-Pedersen, Jesper"]
[Black "Pedersen, Bent O"]
[Result "1-0"]
[WhiteElo "2203"]
[BlackElo "2027"]
[PlyCount "69"]
[EventDate "2006.??.??"]

1. d4 Nf6 2. Bg5 e6 3. Nd2 Be7 4. e4 d5 5. Bxf6 Bxf6 6. e5 Be7 7. Qg4 O-O 8.
Ngf3 Nd7 9. h4 f5 10. Qf4 c5 11. O-O-O Qb6 12. g4 cxd4 13. Bd3 Nc5 14. Nb3 Ne4
15. Rdf1 Bd7 16. Rhg1 Rac8 17. gxf5 exf5 18. Nfxd4 a5 19. e6 Bxe6 20. Qe5 Rf6
21. Nxf5 Bxf5 22. Qxe7 Rf7 23. Qe5 Qd6 24. Qd4 Qf4+ 25. Qe3 Qxh4 26. Nd4 Bg6
27. f3 Ng3 28. Bxg6 hxg6 29. Re1 Nf5 30. Qe6 Rcf8 31. Nxf5 Qf4+ 32. Ne3 d4 33.
Rg4 Qc7 34. Nd5 Qh2 35. Ne7+ 1-0

[Event "Politiken Cup"]
[Site "Copenhagen"]
[Date "2006.07.29"]
[Round "8.49"]
[White "Dragicevic, Drazen"]
[Black "Nielsen, Morten"]
[Result "1-0"]
[WhiteElo "2200"]
[BlackElo "2019"]
[PlyCount "55"]
[EventDate "2006.??.??"]

1. c4 Nf6 2. Nc3 g6 3. Nf3 Bg7 4. e4 d6 5. d4 O-O 6. Be2 c6 7. O-O Qc7 8. h3 a6
9. Bf4 Nh5 10. Bh2 Bh6 11. Re1 Nf4 12. Bf1 e5 13. Ne2 f5 14. Nxf4 exf4 15. e5
dxe5 16. Nxe5 Qg7 17. d5 g5 18. dxc6 Nxc6 19. Qd5+ Kh8 20. Nxc6 bxc6 21. Qxc6
Bb7 22. Qc5 Rac8 23. Qe5 f3 24. Qd6 f4 25. Re7 fxg2 26. Bd3 Rcd8 27. Qb4 Rxd3
28. Rxg7 1-0

[Event "Politiken Cup"]
[Site "Copenhagen"]
[Date "2006.07.29"]
[Round "8.50"]
[White "Dalberg, Preben"]
[Black "Thomassen, Joachim"]
[Result "1/2-1/2"]
[WhiteElo "2190"]
[BlackElo "2006"]
[PlyCount "93"]
[EventDate "2006.??.??"]

1. c4 g6 2. g3 Bg7 3. Bg2 e5 4. Nc3 Nc6 5. d3 f5 6. e4 d6 7. Nge2 Nf6 8. O-O
O-O 9. exf5 Bxf5 10. d4 Nd7 11. Be3 Nb6 12. Qd2 Qd7 13. b3 Bh3 14. f3 Bxg2 15.
Kxg2 exd4 16. Nxd4 Rae8 17. Rad1 Ne5 18. Bh6 Nbxc4 19. bxc4 Nxc4 20. Qc1 Bxh6
21. Qxh6 Ne3+ 22. Kg1 c5 23. Nde2 Nxd1 24. Rxd1 Rxf3 25. Qd2 Ree3 26. Nd5 Rd3
27. Nf6+ Kf7 28. Nxd7 Rxd2 29. Rxd2 Ke7 30. Rb2 Kxd7 31. Rxb7+ Kc6 32. Rxa7 h6
33. Kg2 Rd3 34. Kf2 c4 35. Ke1 Kb6 36. Rg7 c3 37. Nxc3 Rxc3 38. Rxg6 Kc5 39.
Rxh6 Kd5 40. a4 Ke5 41. Kd2 Ra3 42. Rh4 d5 43. Kc2 d4 44. a5 Kd5 45. Rh8 Kc4
46. Rc8+ Kd5 47. Rh8 1/2-1/2

[Event "Politiken Cup"]
[Site "Copenhagen"]
[Date "2006.07.29"]
[Round "8.51"]
[White "Schou-Moldt, Thomas"]
[Black "Larsen, Andreas"]
[Result "1-0"]
[WhiteElo "2184"]
[BlackElo "1975"]
[PlyCount "63"]
[EventDate "2006.??.??"]

1. d4 d5 2. Nf3 c6 3. c3 f5 4. Bg5 Nf6 5. Bxf6 exf6 6. e3 Bd6 7. Bd3 f4 8. Qc2
Bg4 9. Nbd2 Nd7 10. O-O-O Qa5 11. Kb1 fxe3 12. fxe3 O-O-O 13. Bxh7 Kb8 14. Bf5
Bxf5 15. Qxf5 Nb6 16. e4 g6 17. Qxf6 dxe4 18. Nxe4 Nd5 19. Qg5 Bf4 20. Qg4 Rhe8
21. Nf6 g5 22. Nxd5 Qxd5 23. Rhe1 b5 24. h4 b4 25. cxb4 Qc4 26. hxg5 Bd6 27.
Rxe8 Rxe8 28. Qd7 Re6 29. d5 Qe2 30. Qd8+ Kb7 31. dxc6+ Kxc6 32. Nd4+ 1-0

[Event "Politiken Cup"]
[Site "Copenhagen"]
[Date "2006.07.29"]
[Round "8.52"]
[White "Solberg, Joachim"]
[Black "Grove, Peter"]
[Result "1-0"]
[WhiteElo "2179"]
[BlackElo "1942"]
[PlyCount "47"]
[EventDate "2006.??.??"]

1. d4 g6 2. e4 c5 3. Nf3 Bg7 4. Nc3 cxd4 5. Nxd4 Nc6 6. Be3 Nf6 7. Bc4 O-O 8.
Bb3 d6 9. f3 Nxd4 10. Bxd4 Be6 11. Qd2 Qa5 12. O-O-O b5 13. Kb1 Bxb3 14. cxb3
b4 15. Bxf6 bxc3 16. Bxc3 Qb6 17. Bxg7 Kxg7 18. h4 f5 19. h5 f4 20. hxg6 hxg6
21. Rh4 g5 22. Rh5 Kg6 23. Rdh1 Rac8 24. Qd5 1-0

[Event "Politiken Cup"]
[Site "Copenhagen"]
[Date "2006.07.29"]
[Round "8.53"]
[White "Ostergaard, Rasmus"]
[Black "Nielsen, Thomas"]
[Result "0-1"]
[WhiteElo "2173"]
[BlackElo "1956"]
[PlyCount "76"]
[EventDate "2006.??.??"]

1. d4 d5 2. c4 e6 3. Nc3 c5 4. cxd5 exd5 5. Nf3 Nc6 6. g3 Nf6 7. Bg2 Be7 8. O-O
O-O 9. Bg5 cxd4 10. Nxd4 h6 11. Be3 Re8 12. Rc1 Bg4 13. h3 Be6 14. Nxc6 bxc6
15. Na4 Qd7 16. Kh2 Bf5 17. Bc5 Be4 18. Bxe7 Bxg2 19. Kxg2 Rxe7 20. Nc5 Qd6 21.
e3 Rb8 22. Qd4 a5 23. Rc2 Rb4 24. Qd3 d4 25. e4 Re5 26. Rfc1 Rb5 27. Nb3 Rxe4
28. Rxc6 Qd5 29. R1c5 Rxc5 30. Rxc5 Qb7 31. Rb5 Qc6 32. Nxa5 Qa8 33. Nb7 Re7
34. Qf3 d3 35. Nc5 Qxf3+ 36. Kxf3 d2 37. Rb8+ Kh7 38. Rd8 Nd7 0-1

[Event "Politiken Cup"]
[Site "Copenhagen"]
[Date "2006.07.29"]
[Round "8.54"]
[White "Frisk, Ellinor"]
[Black "Hassan, Omar Elsayed"]
[Result "0-1"]
[WhiteElo "1998"]
[BlackElo "2153"]
[PlyCount "94"]
[EventDate "2006.??.??"]

1. e4 c5 2. Nf3 d6 3. d4 cxd4 4. Nxd4 Nf6 5. Nc3 a6 6. Be3 Ng4 7. Bg5 h6 8. Bh4
g5 9. Bg3 Bg7 10. Be2 h5 11. h4 Nc6 12. Nb3 gxh4 13. Bxh4 Be6 14. Qd2 Rc8 15.
f3 Nge5 16. Nd5 Ng6 17. O-O-O Nxh4 18. Rxh4 Bxd5 19. exd5 Bf6 20. Re4 Ne5 21.
f4 Nd7 22. Rh1 Qb6 23. Rb4 Qa7 24. c3 a5 25. Rc4 Rxc4 26. Bxc4 a4 27. Nd4 Qc5
28. Bb5 Qxd5 29. Bxd7+ Kxd7 30. a3 Rg8 31. Rh2 e5 32. Nf3 Qxd2+ 33. Kxd2 exf4
34. Kd3 Ke6 35. Kc4 h4 36. Kb4 b5 37. Nxh4 Bxh4 38. Rxh4 Rxg2 39. Kxb5 Rxb2+
40. Kxa4 Kf5 41. Rh7 f6 42. Rd7 Ke6 43. Rh7 f3 44. Ka5 f2 45. Rh1 Ke5 46. a4
Ke4 47. Ka6 Kf3 0-1

[Event "Politiken Cup"]
[Site "Copenhagen"]
[Date "2006.07.29"]
[Round "8.55"]
[White "Robertson, David"]
[Black "Roder, Peter"]
[Result "1/2-1/2"]
[WhiteElo "1927"]
[BlackElo "2131"]
[PlyCount "39"]
[EventDate "2006.??.??"]

1. e4 c5 2. Nc3 Nc6 3. g3 g6 4. Bg2 Bg7 5. d3 e6 6. Be3 Nd4 7. Qd2 d6 8. Nd1
Ne7 9. c3 Ndc6 10. Ne2 b6 11. c4 Bb7 12. Ndc3 Nd4 13. O-O Qd7 14. Bh6 O-O 15.
Bxg7 Kxg7 16. Nxd4 cxd4 17. Ne2 e5 18. f4 f5 19. fxe5 dxe5 20. Bh3 1/2-1/2

[Event "Politiken Cup"]
[Site "Copenhagen"]
[Date "2006.07.29"]
[Round "8.56"]
[White "Olsen, Aage"]
[Black "Tofte, Sondre Waage"]
[Result "0-1"]
[WhiteElo "2121"]
[BlackElo "1950"]
[PlyCount "68"]
[EventDate "2006.??.??"]

1. e4 d5 2. exd5 Nf6 3. d4 Nxd5 4. Nf3 Bg4 5. Be2 e6 6. O-O Nc6 7. c4 Nb6 8.
Be3 Be7 9. Nc3 O-O 10. b3 Bf6 11. Ne4 Bxf3 12. Nxf6+ Qxf6 13. Bxf3 Rad8 14.
Bxc6 bxc6 15. Qc1 Qf5 16. Qc3 Nd7 17. Rad1 Nf6 18. f3 Rd7 19. Rd2 Rfd8 20. Rfd1
h5 21. h4 Nh7 22. Bf2 Nf8 23. Re1 Ng6 24. Rde2 c5 25. dxc5 Rd3 26. Qc2 Kh7 27.
Qc1 f6 28. Re4 e5 29. Qb1 Nf4 30. Bg3 Nxg2 31. Rf1 Qh3 32. Be1 Kh8 33. Qc2 Nxe1
34. Rexe1 Rd2 0-1

[Event "Politiken Cup"]
[Site "Copenhagen"]
[Date "2006.07.29"]
[Round "8.57"]
[White "Petersen, Nils"]
[Black "Rutherford, Elaine"]
[Result "1/2-1/2"]
[WhiteElo "2007"]
[BlackElo "2093"]
[PlyCount "134"]
[EventDate "2006.??.??"]

1. c4 e5 2. Nc3 Bb4 3. e3 Bxc3 4. bxc3 d6 5. d4 Nc6 6. Nf3 f5 7. dxe5 dxe5 8.
Qxd8+ Kxd8 9. Ba3 Nf6 10. O-O-O+ Ke8 11. Rd2 h6 12. Ne1 Ne4 13. Rc2 Be6 14. c5
Na5 15. f3 Nf6 16. c4 Nd7 17. Kb2 Kf7 18. Kc3 e4 19. f4 Nf6 20. g3 Rad8 21. Be2
Ng4 22. Bc1 Nf2 23. Bh5+ g6 24. Bxg6+ Kxg6 25. Rxf2 Rd1 26. Kc2 Rd7 27. Bb2
Rhd8 28. Bd4 Nc6 29. Bc3 Bxc4 30. Ng2 Rd5 31. Rd2 Bd3+ 32. Kb2 Rxc5 33. Rhd1
Rb5+ 34. Ka1 Bc2 35. Rxd8 Nxd8 36. Rc1 Bd3 37. Be5 Nc6 38. Bxc7 Kh5 39. a3 Kg4
40. Nh4 Kh3 41. Rh1 Bc4 42. a4 Rd5 43. Kb2 Rd7 44. Be5 Nxe5 45. fxe5 Be6 46.
Rf1 Kxh2 47. Nxf5 Bxf5 48. Rxf5 Kxg3 49. Kc3 a6 50. e6 Re7 51. Rf6 h5 52. Kd4
h4 53. Ke5 h3 54. Kd6 h2 55. Rg6+ Kf2 56. Rh6 Re8 57. Rxh2+ Kxe3 58. Kd7 Rg8
59. e7 Kd3 60. e8=Q Rxe8 61. Kxe8 b5 62. a5 e3 63. Rh6 e2 64. Rd6+ Kc2 65. Re6
Kd3 66. Rd6+ Kc4 67. Re6 Kd3 1/2-1/2

[Event "Politiken Cup"]
[Site "Copenhagen"]
[Date "2006.07.29"]
[Round "8.58"]
[White "Olsson, Tomas"]
[Black "Marcussen, Claus"]
[Result "1/2-1/2"]
[WhiteElo "2084"]
[BlackElo "1985"]
[PlyCount "56"]
[EventDate "2006.??.??"]

1. e4 e5 2. Nf3 Nc6 3. d4 exd4 4. Bc4 Bc5 5. c3 d3 6. Qxd3 d6 7. b4 Bb6 8. Bg5
Nge7 9. a4 a6 10. Nbd2 O-O 11. O-O Qe8 12. Be3 Bxe3 13. Qxe3 Ng6 14. Nd4 Bd7
15. Bb3 Kh8 16. Bc2 Nxd4 17. cxd4 f5 18. f3 f4 19. Qf2 Qe7 20. Rfe1 Nh4 21. e5
Qg5 22. Be4 dxe5 23. dxe5 c6 24. Bd3 Bh3 25. Bf1 Bf5 26. Nc4 Be6 27. Nd6 Nf5
28. Nxf5 Qxf5 1/2-1/2

[Event "Politiken Cup"]
[Site "Copenhagen"]
[Date "2006.07.29"]
[Round "8.59"]
[White "Rasmussen, Morten"]
[Black "Lauritsen, Martin Lee"]
[Result "0-1"]
[WhiteElo "1976"]
[BlackElo "2080"]
[PlyCount "86"]
[EventDate "2006.??.??"]

1. d4 Nf6 2. Bg5 e6 3. e3 b6 4. Bd3 Bb7 5. Nf3 c5 6. O-O d5 7. Ne5 Be7 8. c3
Nfd7 9. Bxe7 Qxe7 10. f4 Nxe5 11. fxe5 Nd7 12. Nd2 O-O-O 13. Be2 f6 14. exf6
gxf6 15. a4 a6 16. Rf2 Kb8 17. Nf1 Rdg8 18. Ng3 Rg5 19. Bf3 f5 20. Nh5 Nf6 21.
Nxf6 Qxf6 22. Qd2 Rhg8 23. Kf1 Qe7 24. Ke2 e5 25. dxe5 Qxe5 26. g3 Re8 27. Rd1
Rg7 28. Kf1 Rd7 29. Re2 a5 30. Kf2 Red8 31. Ree1 Rd6 32. Qc2 Rh6 33. Kg1 Rhd6
34. Qf2 Bc6 35. Qc2 Qf6 36. b3 Kc7 37. Qd2 d4 38. Bxc6 dxc3 39. Qc2 Rd2 40.
Rxd2 Rxd2 41. Qb1 Qxc6 42. e4 Qh6 43. h4 Qd6 0-1

[Event "Politiken Cup"]
[Site "Copenhagen"]
[Date "2006.07.29"]
[Round "8.60"]
[White "Thomassen, Thomas"]
[Black "Pettersen, Joar Gullestad"]
[Result "0-1"]
[WhiteElo "2079"]
[BlackElo "1956"]
[PlyCount "74"]
[EventDate "2006.??.??"]

1. c4 Nf6 2. Nc3 e6 3. e4 d6 4. d4 c5 5. Nf3 cxd4 6. Nxd4 a6 7. Be2 Be7 8. O-O
Qc7 9. Be3 b6 10. Rc1 Bb7 11. f3 O-O 12. Qe1 Nbd7 13. Qf2 Rac8 14. g4 Ne5 15.
h4 Qd8 16. g5 Nfd7 17. b3 Nc6 18. Qg3 Nxd4 19. Bxd4 f6 20. f4 Kh8 21. Rcd1 Qe8
22. Kh2 Nc5 23. Bf3 f5 24. exf5 Bxf3 25. Qxf3 Rxf5 26. Qg4 Qf7 27. Bxc5 dxc5
28. Ne4 Rf8 29. Kg3 e5 30. Nd6 exf4+ 31. Kh3 Bxd6 32. Rxd6 Qe7 33. Rxb6 g6 34.
Qf3 Re5 35. Qc3 Kg8 36. Qd2 Re3+ 37. Kh2 Re2+ 0-1

[Event "Politiken Cup"]
[Site "Copenhagen"]
[Date "2006.07.29"]
[Round "8.61"]
[White "Saemundsson, Bjarni"]
[Black "Hyldkrog, Lars"]
[Result "0-1"]
[WhiteElo "1945"]
[BlackElo "2074"]
[PlyCount "142"]
[EventDate "2006.??.??"]

1. d4 Nf6 2. Nc3 d5 3. Bg5 Nbd7 4. Nf3 h6 5. Bf4 a6 6. Qd3 e6 7. e4 Bb4 8. Nd2
dxe4 9. Ncxe4 Nxe4 10. Qxe4 Nf6 11. Qd3 O-O 12. Be2 Nd5 13. Bg3 b5 14. O-O Bb7
15. c3 Bd6 16. Ne4 Nf4 17. Bxf4 Bxf4 18. Qf3 Bxh2+ 19. Kxh2 Qh4+ 20. Qh3 Qxh3+
21. Kxh3 Bxe4 22. f3 Bb7 23. Bd3 Rfd8 24. Rad1 Rd6 25. Rd2 Rad8 26. Be4 Bxe4
27. fxe4 f6 28. Rdf2 R6d7 29. Kg4 Re7 30. Rd2 e5 31. d5 Red7 32. b3 Kf7 33. c4
bxc4 34. bxc4 Rb8 35. c5 Rb4 36. Kf3 Rc4 37. Rff2 Rc3+ 38. Kg4 Rxc5 39. Rc2 Rb5
40. Rc6 a5 41. Rfc2 Rb7 42. Ra6 Rb4 43. Kf3 Ra4 44. Ra7 Kg6 45. g3 Kg5 46.
Raxc7 Rxc7 47. Rxc7 Ra3+ 48. Ke2 Rxa2+ 49. Ke3 Ra3+ 50. Ke2 g6 51. Rc5 Ra4 52.
Kf3 f5 53. exf5 gxf5 54. d6 e4+ 55. Ke3 Ra3+ 56. Kd4 Kf6 57. Rd5 Rd3+ 58. Kc4
Ke6 59. Rxa5 Rxd6 60. Ra3 Kf6 61. Ra1 Kg5 62. Rg1 Rd3 63. Rg2 Kg4 64. Rh2 h5
65. Rh4+ Kg5 66. Rh3 Kg6 67. Kc5 f4 68. Rh4 fxg3 69. Rxe4 g2 70. Re1 h4 71. Kc4
Rd2 0-1

[Event "Politiken Cup"]
[Site "Copenhagen"]
[Date "2006.07.29"]
[Round "8.62"]
[White "Frank-Nielsen, Marie"]
[Black "Schmied, Andreas"]
[Result "0-1"]
[WhiteElo "1955"]
[BlackElo "2062"]
[PlyCount "96"]
[EventDate "2006.??.??"]

1. e4 c5 2. c3 Nf6 3. e5 Nd5 4. d4 cxd4 5. cxd4 d6 6. Nf3 e6 7. exd6 Bxd6 8.
Bc4 Bd7 9. O-O Bc6 10. Nc3 Nxc3 11. bxc3 O-O 12. Bd3 Nd7 13. Re1 Rc8 14. Ng5 h6
15. Ne4 Bxe4 16. Rxe4 Rxc3 17. Bxh6 Rxd3 18. Qxd3 Nc5 19. dxc5 Bxh2+ 20. Kxh2
Qxd3 21. Rg4 Kh7 22. Be3 Rd8 23. g3 f6 24. Rb4 Kg6 25. Rh4 Qc2 26. a4 Rd1 27.
Rxd1 Qxd1 28. Rb4 Qd5 29. Rd4 Qb3 30. Rg4+ Kf7 31. Rd4 g5 32. a5 Qb5 33. Rd8
Kg6 34. Rd6 e5 35. Rd8 Qxa5 36. Rd7 Qb5 37. Rc7 Kf5 38. Kg2 g4 39. Rh7 Qc6+ 40.
Kf1 Ke4 41. Rh4 Kf3 42. Rh6 Qb5+ 43. Kg1 Qb1+ 44. Kh2 f5 45. Rf6 Qe4 46. Rf7 a5
47. Rf8 a4 48. Ra8 Qc6 0-1

[Event "Politiken Cup"]
[Site "Copenhagen"]
[Date "2006.07.29"]
[Round "8.63"]
[White "Sonderby, Anders"]
[Black "Eriksson, Christian"]
[Result "0-1"]
[WhiteElo "1926"]
[BlackElo "1982"]
[PlyCount "80"]
[EventDate "2006.??.??"]

1. d4 Nf6 2. c4 g6 3. Nc3 Bg7 4. e4 d6 5. Nf3 O-O 6. Be2 e5 7. O-O Nc6 8. d5
Ne7 9. Ne1 Nd7 10. Be3 f5 11. f3 f4 12. Bf2 g5 13. a4 h5 14. a5 Nf6 15. c5 Ng6
16. cxd6 cxd6 17. Nb5 g4 18. Nxa7 g3 19. Bb6 gxh2+ 20. Kh1 Qe7 21. Rc1 Bd7 22.
Rc7 Rab8 23. Bb5 Rf7 24. Bxd7 Nxd7 25. Nc6 bxc6 26. dxc6 Qe6 27. cxd7 Rxd7 28.
Qd5 Qxd5 29. exd5 Rxc7 30. Bxc7 Rxb2 31. Nd3 Ra2 32. Nb4 Ra4 33. a6 Ne7 34.
Bxd6 Nf5 35. Kxh2 Nxd6 36. Rb1 Nf5 37. Kg1 Nd6 38. Kf2 e4 39. fxe4 Nxe4+ 40.
Ke2 Nc3+ 0-1